<?xml version="1.0" encoding="UTF-8"?>
<collection xmlns="http://www.loc.gov/MARC21/slim">
 <record>
  <leader>02512cam a2200505   4500</leader>
  <controlfield tag="001">1131202619</controlfield>
  <controlfield tag="003">DE-627</controlfield>
  <controlfield tag="005">20240401183539.0</controlfield>
  <controlfield tag="007">tu</controlfield>
  <controlfield tag="008">970908s1953    fr |||||      00| ||fre c</controlfield>
  <datafield tag="035" ind1=" " ind2=" ">
   <subfield code="a">(DE-627)1131202619</subfield>
  </datafield>
  <datafield tag="035" ind1=" " ind2=" ">
   <subfield code="a">(DE-576)061202614</subfield>
  </datafield>
  <datafield tag="035" ind1=" " ind2=" ">
   <subfield code="a">(DE-599)BSZ061202614</subfield>
  </datafield>
  <datafield tag="035" ind1=" " ind2=" ">
   <subfield code="a">(OCoLC)174891503</subfield>
  </datafield>
  <datafield tag="035" ind1=" " ind2=" ">
   <subfield code="a">(OCoLC)174891503</subfield>
  </datafield>
  <datafield tag="035" ind1=" " ind2=" ">
   <subfield code="a">(DE-604)8051870274</subfield>
  </datafield>
  <datafield tag="040" ind1=" " ind2=" ">
   <subfield code="a">DE-627</subfield>
   <subfield code="b">ger</subfield>
   <subfield code="c">DE-627</subfield>
   <subfield code="e">rakwb</subfield>
  </datafield>
  <datafield tag="041" ind1=" " ind2=" ">
   <subfield code="a">fre</subfield>
  </datafield>
  <datafield tag="044" ind1=" " ind2=" ">
   <subfield code="c">XA-FR</subfield>
  </datafield>
  <datafield tag="084" ind1=" " ind2=" ">
   <subfield code="a">9,10</subfield>
   <subfield code="2">ssgn</subfield>
  </datafield>
  <datafield tag="084" ind1=" " ind2=" ">
   <subfield code="a">IE 5400</subfield>
   <subfield code="2">rvk</subfield>
   <subfield code="0">(DE-625)rvk/55171:</subfield>
  </datafield>
  <datafield tag="084" ind1=" " ind2=" ">
   <subfield code="a">LM 86290</subfield>
   <subfield code="2">rvk</subfield>
   <subfield code="0">(DE-625)rvk/101609:</subfield>
  </datafield>
  <datafield tag="245" ind1="1" ind2="4">
   <subfield code="a">Les belles heures de Jean de France, Duc de Berry</subfield>
   <subfield code="b">reproduction intégrale des enluminures</subfield>
   <subfield code="c">précédée d'une introduction de Jean Porcher</subfield>
  </datafield>
  <datafield tag="264" ind1=" " ind2="1">
   <subfield code="a">Paris</subfield>
   <subfield code="b">Bibliothèque Nationale</subfield>
   <subfield code="c">1953</subfield>
  </datafield>
  <datafield tag="300" ind1=" " ind2=" ">
   <subfield code="a">228 S.</subfield>
   <subfield code="b">überw. Ill.</subfield>
  </datafield>
  <datafield tag="336" ind1=" " ind2=" ">
   <subfield code="a">Text</subfield>
   <subfield code="b">txt</subfield>
   <subfield code="2">rdacontent</subfield>
  </datafield>
  <datafield tag="337" ind1=" " ind2=" ">
   <subfield code="a">ohne Hilfsmittel zu benutzen</subfield>
   <subfield code="b">n</subfield>
   <subfield code="2">rdamedia</subfield>
  </datafield>
  <datafield tag="338" ind1=" " ind2=" ">
   <subfield code="a">Band</subfield>
   <subfield code="b">nc</subfield>
   <subfield code="2">rdacarrier</subfield>
  </datafield>
  <datafield tag="583" ind1="1" ind2=" ">
   <subfield code="a">Archivierung/Langzeitarchivierung gewährleistet</subfield>
   <subfield code="f">SSG</subfield>
   <subfield code="x">XA-DE-BW</subfield>
   <subfield code="2">pdager</subfield>
   <subfield code="5">DE-16</subfield>
  </datafield>
  <datafield tag="583" ind1="1" ind2=" ">
   <subfield code="a">Archivierung prüfen</subfield>
   <subfield code="c">20240324</subfield>
   <subfield code="f">DE-4165</subfield>
   <subfield code="z">2</subfield>
   <subfield code="2">pdager</subfield>
  </datafield>
  <datafield tag="689" ind1="0" ind2="0">
   <subfield code="d">u</subfield>
   <subfield code="0">(DE-588)4134956-8</subfield>
   <subfield code="0">(DE-627)105668710</subfield>
   <subfield code="0">(DE-576)209656689</subfield>
   <subfield code="a">Belles heures</subfield>
   <subfield code="2">gnd</subfield>
  </datafield>
  <datafield tag="689" ind1="0" ind2=" ">
   <subfield code="5">(DE-627)</subfield>
  </datafield>
  <datafield tag="689" ind1="1" ind2="0">
   <subfield code="d">u</subfield>
   <subfield code="0">(DE-588)4134956-8</subfield>
   <subfield code="0">(DE-627)105668710</subfield>
   <subfield code="0">(DE-576)209656689</subfield>
   <subfield code="a">Belles heures</subfield>
   <subfield code="2">gnd</subfield>
  </datafield>
  <datafield tag="689" ind1="1" ind2=" ">
   <subfield code="5">(DE-627)</subfield>
  </datafield>
  <datafield tag="700" ind1="1" ind2=" ">
   <subfield code="a">Porcher, Jean</subfield>
   <subfield code="d">1892-1966</subfield>
   <subfield code="0">(DE-588)138924295</subfield>
   <subfield code="0">(DE-627)607399066</subfield>
   <subfield code="0">(DE-576)309587670</subfield>
   <subfield code="4">oth</subfield>
  </datafield>
  <datafield tag="787" ind1="0" ind2="8">
   <subfield code="i">Rezensiert in</subfield>
   <subfield code="a">Winkler, Friedrich, 1888 - 1965</subfield>
   <subfield code="t">[Rezension von: Les Belles Heures de Jean de France, Duc de Berry]</subfield>
   <subfield code="d">Nürnberg : Carl, 1956</subfield>
   <subfield code="w">(DE-627)1729148565</subfield>
  </datafield>
  <datafield tag="889" ind1=" " ind2=" ">
   <subfield code="w">(DE-627)413511464</subfield>
  </datafield>
  <datafield tag="935" ind1=" " ind2=" ">
   <subfield code="i">mdedup</subfield>
  </datafield>
  <datafield tag="936" ind1="r" ind2="v">
   <subfield code="a">IE 5400</subfield>
   <subfield code="b">Übrige Autoren (auch Anonyma)</subfield>
   <subfield code="k">Romanistik</subfield>
   <subfield code="k">Französische Literatur i.A. und Französische Literatur im Mittelalter</subfield>
   <subfield code="k">Französische Literatur im Mittelalter</subfield>
   <subfield code="k">Literaturgeschichte</subfield>
   <subfield code="k">Einzelne Gattungen</subfield>
   <subfield code="k">Lyrik</subfield>
   <subfield code="k">Einzelne Autoren (Lyrik)</subfield>
   <subfield code="k">Übrige Autoren (auch Anonyma)</subfield>
   <subfield code="0">(DE-627)1271077388</subfield>
   <subfield code="0">(DE-625)rvk/55171:</subfield>
   <subfield code="0">(DE-576)201077388</subfield>
  </datafield>
  <datafield tag="936" ind1="r" ind2="v">
   <subfield code="a">LM 86290</subfield>
   <subfield code="b">Stundenbücher und Sonstige</subfield>
   <subfield code="k">Kunstgeschichte</subfield>
   <subfield code="k">Kunst nach Ländern bzw. Kontinenten</subfield>
   <subfield code="k">Frankreich</subfield>
   <subfield code="k">Französische Kunstgeschichte nach Gattungen</subfield>
   <subfield code="k">Buchmalerei</subfield>
   <subfield code="k">Einzelne Buchformen</subfield>
   <subfield code="k">Stundenbücher und Sonstige</subfield>
   <subfield code="0">(DE-627)1271145235</subfield>
   <subfield code="0">(DE-625)rvk/101609:</subfield>
   <subfield code="0">(DE-576)201145235</subfield>
  </datafield>
  <datafield tag="951" ind1=" " ind2=" ">
   <subfield code="a">BO</subfield>
  </datafield>
  <datafield tag="990" ind1=" " ind2=" ">
   <subfield code="a">Belles heures</subfield>
  </datafield>
  <datafield tag="990" ind1=" " ind2=" ">
   <subfield code="a">Belles heures</subfield>
  </datafield>
  <datafield tag="991" ind1=" " ind2=" ">
   <subfield code="a">Rezensiertes Werk</subfield>
  </datafield>
  <datafield tag="999" ind1=" " ind2=" ">
   <subfield code="a">KXP-PPN1131202619</subfield>
   <subfield code="e">4093813507</subfield>
  </datafield>
 </record>
</collection>
